<?xml version="1.0" encoding="UTF-8"?>
<collection xmlns="http://www.loc.gov/MARC21/slim">
 <record>
  <leader>00990nam a2200265   4500</leader>
  <controlfield tag="001">000006352</controlfield>
  <controlfield tag="003">2507</controlfield>
  <controlfield tag="005">20150812140856.0</controlfield>
  <controlfield tag="008">110908s                               sd</controlfield>
  <datafield tag="041" ind1="0" ind2=" ">
   <subfield code="a">10000đ</subfield>
  </datafield>
  <datafield tag="082" ind1="1" ind2=" ">
   <subfield code="a">372.07</subfield>
   <subfield code="b">Gia</subfield>
  </datafield>
  <datafield tag="100" ind1="0" ind2=" ">
   <subfield code="a">Đào Thanh Âm</subfield>
  </datafield>
  <datafield tag="245" ind1="0" ind2="0">
   <subfield code="a">Giáo dục học mầm non</subfield>
   <subfield code="c">Đào Thanh Âm</subfield>
  </datafield>
  <datafield tag="774" ind1=" " ind2=" ">
   <subfield code="b">Tái bản lần thứ 3</subfield>
   <subfield code="d">Đại học Sư phạm</subfield>
   <subfield code="d">H.</subfield>
   <subfield code="d">2004</subfield>
   <subfield code="g">T.1</subfield>
   <subfield code="h">127 tr.</subfield>
   <subfield code="w">2509</subfield>
  </datafield>
  <datafield tag="774" ind1=" " ind2=" ">
   <subfield code="a">Đào Thanh Âm</subfield>
   <subfield code="b">Tái bản lần thứ 3</subfield>
   <subfield code="d">Đại học Sư phạm</subfield>
   <subfield code="d">H.</subfield>
   <subfield code="d">2004</subfield>
   <subfield code="g">T.2</subfield>
   <subfield code="h">223 tr.</subfield>
   <subfield code="n">Thư mục tr. 214-223</subfield>
   <subfield code="w">2510</subfield>
  </datafield>
  <datafield tag="774" ind1=" " ind2=" ">
   <subfield code="a">Đào Thanh Âm</subfield>
   <subfield code="b">Tái bản lần thứ 3</subfield>
   <subfield code="d">Đại học Sư phạm</subfield>
   <subfield code="d">H.</subfield>
   <subfield code="d">2004</subfield>
   <subfield code="g">T.3</subfield>
   <subfield code="h">163 tr.</subfield>
   <subfield code="n">Thư mục: tr. 157-158</subfield>
   <subfield code="w">2511</subfield>
  </datafield>
  <datafield tag="774" ind1=" " ind2=" ">
   <subfield code="d">H.</subfield>
   <subfield code="d">Đại học Sư phạm</subfield>
   <subfield code="d">1995</subfield>
   <subfield code="g">T.1</subfield>
   <subfield code="h">131 tr.</subfield>
   <subfield code="o">KD.015061</subfield>
   <subfield code="w">11986</subfield>
  </datafield>
  <datafield tag="OWN" ind1=" " ind2=" ">
   <subfield code="a">LSP</subfield>
  </datafield>
  <datafield tag="999" ind1=" " ind2=" ">
   <subfield code="a">From the UDN01</subfield>
  </datafield>
  <datafield tag="TYP" ind1=" " ind2=" ">
   <subfield code="a">Monograph</subfield>
  </datafield>
  <datafield tag="TYP" ind1=" " ind2=" ">
   <subfield code="a">Printed language</subfield>
  </datafield>
  <datafield tag="980" ind1=" " ind2=" ">
   <subfield code="a">Mạng thư viện Đại học Đà Nẵng</subfield>
  </datafield>
 </record>
</collection>
